000 00703nam a2200241Ia 4500
003 OSt
005 20221007080920.0
006 a|||||r|||| 00| 0
007 ta
008 221006b |||||||| |||| 00| 0 eng d
024 _a531
037 _cReference Collections
040 _aFLL
_cFLL
_beng
041 _2eng
_aeng
082 _aV73:2:9Z, L0
100 _aWebb Garn H.
_9685441
245 0 _aConstitutional law
260 _aNew York
_bHolt, Rinehart and Winston, Inc. USA
_c1970
650 _aConstitutional law
_9681314
700 _a Bianco Thomas C.
_9685440
942 _hV73:2:9Z, L0
_cREF
_2CC
999 _c1161342
_d1161342